000 00296nam a22001337a 4500
008 170131b xxu||||| |||| 00| 0 eng d
020 _a9780781771566
041 _aeng
080 _22ND
_a61
100 _a3
101 _aSHM
245 _aSTEP-UP TO SUMLE STEP 2
_cKLEUNEN, J.P
942 _2udc
_cBK
999 _c4161
_d4161